Koleksi emas A.Ramlie volume 1 [ karaoke
| Format: | Book |
|---|---|
| Published: |
Kuala Lumpur :
Serasi Music Sdn Bhd ,
19-
|
| Subjects: |
MARC
| LEADER | 00000cam a2200000 7i4500 | ||
|---|---|---|---|
| 001 | 0000041745 | ||
| 005 | .0 | ||
| 090 | 0 | 0 | |a MUZ |b KOL |
| 245 | 0 | 0 | |a Koleksi emas A.Ramlie volume 1 [ |h cd music] : |b karaoke |
| 260 | |a Kuala Lumpur : |b Serasi Music Sdn Bhd , |c 19- | ||
| 300 | |a 1 CD music (65 minutes) : |b col | ||
| 500 | |a Library has 1 copy | ||
| 650 | 0 | 0 | |a Koleksi emas A. Ramlie |
| 999 | |a AV 01244 |b CD MUSIC |c PINJAMAN |e PERPUSTAKAAN KOMUNITI PETALING JAYA | ||